Online Catalogue and eLibrary

Doing cultural studies : (Record no. 2085)

MARC details
000 -LEADER
fixed length control field 00240nam a2200097Ia 4500
008 - FIXED-LENGTH DATA ELEMENTS--GENERAL INFORMATION
fixed length control field 240331s9999 xx 000 0 und d
082 ## - DDC Classification
Item Number - Author Mark DOI
100 ## - MAIN ENTRY--PERSONAL NAME
Personal name Gay,P.D
245 #0 - TITLE STATEMENT
Title Doing cultural studies :
Remainder of title the story of the sony walkman
942 ## - Koha item type (Biblio)
Koha item type Books in Stacks (Lending)
Holdings
Lost status Damaged status Collection code Home library Current library Shelving location Date acquired Full call number Accession Number Item type
    Lending WERC Library WERC Library Social Science Cupboard 03/31/2024 306 DOI 2543 Books in Stacks (Lending)

© WERC Library